Ako prichádzajú sny

Bibliographic Details
Other Authors: Ward, Vincent, 1956- (Director), Bass, Ronald, 1942- (Scenarist), Williams, Robin, 1952-2014 (Actor)
Format: Video DVD
Language:Czech
English
PhysicalDescription:1 videodisk (DVD) (108 min.) zvuk., fareb. 12 cm
Published: [Bratislava] Ringier [2009]
Series:Nový Čas vás baví extra
Subjects:

MARC

LEADER 00000ngm a2200000 a 4500
001 vtls010274531
003 SK-MaSNL
005 20260301031719.0
007 vd cvaizu
008 110429p2009 xo 108 vlcze
040 |a SNK  |b slo  |c SNK  |e AACR2 
041 1 |a cze  |a eng  |b cze  |h eng 
044 |a xo  |c SK 
072 7 |a 791  |x Film. Cirkus. Ľudová zábava  |2 konspekt 
080 |a 791.221/.228  |2 2001 
080 |a 791.221.5  |2 2001 
080 |a 791.221.41  |2 2001 
080 |a 791.221.8  |2 2001 
080 |a (0.034.44)  |2 2001 
130 0 |a What dreams may come  |l Česky  |9 327677 
245 1 0 |a Ako prichádzajú sny  |h videozáznam  |c [réžia] Vincent Ward 
246 3 3 |a Jak přicházejí sny 
260 |a [Bratislava]  |b Ringier  |c [2009] 
300 |a 1 videodisk (DVD) (108 min.)  |b zvuk., fareb.  |c 12 cm 
490 1 |a Nový Čas vás baví extra 
500 |a Názov z obalu 
500 |a Americký celovečerný film z roku 1998 
508 |a Scenár, Ronald Bass 
511 0 |a Hrajú: Robin Williams, Cuba Gooding Jr., Annabella Sciorra a ďalší 
521 8 |a Nevhodné do 15 rokov 
538 |a DVD video; zvuk Dolby digital 2.0, 5.1; obraz 16:9 
546 |a V originálnom anglickom znení, český dabing a titulky 
650 0 7 |a hrané filmy  |2 SNKPH  |9 68885 
650 0 7 |a filmové drámy  |2 SNKPH  |9 320128 
650 0 7 |a romantické filmy  |2 SNKPH  |9 327678 
650 0 7 |a fantasy filmy  |2 SNKPH  |9 138623 
655 7 |a DVD  |2 SNKPH  |9 70751 
700 1 |a Ward, Vincent,  |d 1956-  |4 drt  |9 327679 
700 1 |a Bass, Ronald,  |d 1942-  |4 sce  |9 327680 
700 1 |a Williams, Robin,  |d 1952-2014  |4 act  |9 17714 
830 0 |a Nový Čas vás baví extra  |9 326689 
999 |c 577188  |d 579118 
952 |a SNK  |b SNK  |y PREZ  |7 0  |p 17A0701630  |o snkSDVD 1181  |i snk2011/9700  |8 0  |0 0  |1 0  |4 0  |d 2011-04-29  |l 0  |r 2026-02-23 14:37:34  |w 2026-02-23 
952 |a SNK  |b SNK  |y PREZ  |7 0  |p 17A1173373  |o snkSDVD 1181 D1  |i snk2015/29812  |8 1  |0 0  |1 0  |4 0  |d 2015-10-28  |l 0  |r 2026-02-23 14:37:34  |w 2026-02-23